00977nam a22002537a 45000050016000000080041000160100014000570200027000710350013000980370015001110400018001260820012001442450121001562600048002772700047003253000029003725000020004015000061004217000024004827000028005069420026005349990017005609520146005772009080305485.0090803t xxu||||| |||| 00| 0 eng d aENG-94613 a9788184501582c1680.00 aEN-78146 bDBAD / PUB adplbEnglish  a301.153 aEconomics of Mahtama Gandhi:bchallenges and development /cedited by Anil Kumar Thakur (and) Mithilesh Kumar Sinha  aNew Delhi bDeep & Deep Publications c2009 aF-159 Rajouri Garden, bNew Delhi e110027 axxvii, 508p. c24cm(Hb)  aIncludes index  aPublished on behalf of 'The Indian Economic Association' aThakur, Anil Kumar  aSinha, Mithilesh Kumar  2ddccENmECOh301.153 c28849d28849 00102ddc40718NFICaDBADbDBADd2009-08-03eDBAD / PUBg1680.00l0o301.153 ECOpEN-78146r2009-08-03 00:00:00t1v1680.00w2009-08-03yEN